Normal view
MARC view
- Mohd Salleh Aman,
Entry Personal Name
001 - CONTROL NUMBER
- control field: 7429
003 - CONTROL NUMBER IDENTIFIER
- control field: OSt
005 - DATE AND TIME OF LATEST TRANSACTION
- control field: 20170524080128.0
008 - FIXED-LENGTH DATA ELEMENTS
- fixed length control field: 170524|| aca||aabn | a|a d
040 ## - CATALOGING SOURCE
- Original cataloging agency: OSt
- Transcribing agency: OSt
100 ## - HEADING--PERSONAL NAME
- Personal name: Mohd Salleh Aman,
- Titles and other words associated with a name: Assc. Prof., Dr
670 ## - SOURCE DATA FOUND
- Source citation: Work cat.: (OSt)0: Mohd Salleh Aman, Assc. Prof., Dr, Asas pengurusan sukan /, 2005

PORTAL AKMAL
E-MEL JKDM
AKMAL2U
G-BAM
u-PUSTAKA